[Event "Icelandic Team Championship 2021"]
[Site "Reykjavik"]
[Date "2021.10.01"]
[Round "2.5"]
[White "Thorgeirsson, Jon Kristinn"]
[Black "Einarsson, Halldor Gretar"]
[Result "1-0"]
[WhiteElo "2257"]
[BlackElo "2227"]

1. e4 {[%clk 01:30:58]} {[%emt 00:00:02]} c5 {[%clk 01:30:34]} {[%emt
00:00:26]} 2. Nf3 {[%clk 01:31:19]} {[%emt 00:00:08]} Nc6 {[%clk 01:30:57]}
{[%emt 00:00:07]} 3. Bb5 {[%clk 01:31:13]} {[%emt 00:00:36]} g6 {[%clk
01:31:19]} {[%emt 00:00:08]} 4. O-O {[%clk 01:31:17]} {[%emt 00:00:25]} Bg7
{[%clk 01:31:43]} {[%emt 00:00:07]} 5. c3 {[%clk 01:29:32]} {[%emt 00:02:15]}
Nf6 {[%clk 01:29:14]} {[%emt 00:02:59]} 6. e5 {[%clk 01:19:15]} {[%emt
00:10:47]} Nd5 {[%clk 01:28:24]} {[%emt 00:01:20]} 7. Re1 {[%clk 01:06:41]}
{[%emt 00:13:04]} O-O {[%clk 01:25:37]} {[%emt 00:03:17]} 8. d4 {[%clk
01:05:35]} {[%emt 00:01:37]} cxd4 {[%clk 01:24:28]} {[%emt 00:01:39]} 9. cxd4
{[%clk 01:05:56]} {[%emt 00:00:09]} Nc7 {[%clk 01:19:17]} {[%emt 00:05:41]} 10.
a4 {[%clk 01:03:31]} {[%emt 00:02:54]} a6 {[%clk 01:16:51]} {[%emt 00:02:56]}
11. Bxc6 {[%clk 01:02:11]} {[%emt 00:01:50]} dxc6 {[%clk 01:17:04]} {[%emt
00:00:17]} 12. a5 {[%clk 01:01:59]} {[%emt 00:00:43]} Bg4 {[%clk 01:01:52]}
{[%emt 00:15:42]} 13. Be3 {[%clk 00:59:47]} {[%emt 00:02:41]} c5 {[%clk
00:56:04]} {[%emt 00:06:18]} 14. Ra4 {[%clk 00:55:29]} {[%emt 00:04:49]} Qd7
{[%clk 00:46:11]} {[%emt 00:10:22]} 15. Nc3 {[%clk 00:55:19]} {[%emt 00:00:40]}
Nb5 {[%clk 00:41:31]} {[%emt 00:05:10]} 16. dxc5 {[%clk 00:49:15]} {[%emt
00:06:34]} Nxc3 {[%clk 00:19:56]} {[%emt 00:22:05]} 17. bxc3 {[%clk 00:49:23]}
{[%emt 00:00:22]} Qxd1 {[%clk 00:20:15]} {[%emt 00:00:12]} 18. Rxd1 {[%clk
00:49:45]} {[%emt 00:00:08]} Bxf3 {[%clk 00:16:32]} {[%emt 00:04:12]} 19. gxf3
{[%clk 00:50:06]} {[%emt 00:00:08]} Bxe5 {[%clk 00:16:38]} {[%emt 00:00:24]} 20.
Rd7 {[%clk 00:49:49]} {[%emt 00:00:47]} Rab8 {[%clk 00:14:48]} {[%emt
00:02:20]} 21. Rxe7 {[%clk 00:48:46]} {[%emt 00:01:33]} Bxc3 {[%clk 00:13:45]}
{[%emt 00:01:33]} 22. Bf4 {[%clk 00:48:32]} {[%emt 00:00:44]} Rfe8 {[%clk
00:11:12]} {[%emt 00:03:02]} 23. Rd7 {[%clk 00:36:53]} {[%emt 00:12:10]} Be5
{[%clk 00:07:41]} {[%emt 00:04:01]} 24. Re4 {[%clk 00:36:19]} {[%emt 00:01:04]}
Bxf4 {[%clk 00:08:03]} {[%emt 00:00:08]} 25. Rxf4 {[%clk 00:36:43]} {[%emt
00:00:06]} f5 {[%clk 00:08:11]} {[%emt 00:00:22]} 26. Rh4 {[%clk 00:33:44]}
{[%emt 00:03:28]} h5 {[%clk 00:08:05]} {[%emt 00:00:37]} 27. Rb4 {[%clk
00:33:46]} {[%emt 00:00:28]} Rec8 {[%clk 00:06:09]} {[%emt 00:02:26]} 28. Rb6
{[%clk 00:31:53]} {[%emt 00:02:23]} Rxc5 {[%clk 00:06:25]} {[%emt 00:00:15]} 29.
Rxg6+ {[%clk 00:32:15]} {[%emt 00:00:08]} Kf8 {[%clk 00:06:22]} {[%emt
00:00:30]} 30. Rh6 {[%clk 00:31:59]} {[%emt 00:00:49]} Kg8 {[%clk 00:06:43]}
{[%emt 00:00:09]} 31. Rxh5 {[%clk 00:31:47]} {[%emt 00:00:41]} Rxa5 {[%clk
00:06:50]} {[%emt 00:00:23]} 32. Rdh7 {[%clk 00:31:49]} {[%emt 00:00:29]} Rf8
{[%clk 00:06:21]} {[%emt 00:00:59]} 33. Rxb7 {[%clk 00:31:18]} {[%emt
00:01:01]} Rf7 {[%clk 00:05:54]} {[%emt 00:00:58]} 34. Rxf7 {[%clk 00:28:14]}
{[%emt 00:03:34]} Kxf7 {[%clk 00:06:19]} {[%emt 00:00:05]} 35. Rh6 {[%clk
00:28:36]} {[%emt 00:00:07]} f4 {[%clk 00:05:05]} {[%emt 00:01:44]} 36. Kg2
{[%clk 00:27:24]} {[%emt 00:01:41]} Rg5+ {[%clk 00:05:04]} {[%emt 00:00:31]} 37.
Kf1 {[%clk 00:27:16]} {[%emt 00:00:38]} a5 {[%clk 00:04:38]} {[%emt 00:00:56]}
38. Ke2 {[%clk 00:24:25]} {[%emt 00:03:21]} Rg6 {[%clk 00:02:15]} {[%emt
00:02:53]} 39. Rh7+ {[%clk 00:24:38]} {[%emt 00:00:17]} Ke6 {[%clk 00:01:52]}
{[%emt 00:00:52]} 40. Ra7 {[%clk 00:24:50]} {[%emt 00:00:19]} Rg5 {[%clk
00:02:07]} {[%emt 00:00:15]} 41. Ra6+ {[%clk 00:24:46]} {[%emt 00:00:34]} Kd7
{[%clk 00:02:25]} {[%emt 00:00:12]} 42. Kd3 {[%clk 00:25:02]} {[%emt 00:00:14]}
Kc7 {[%clk 00:02:00]} {[%emt 00:00:55]} 43. Ke4 {[%clk 00:25:07]} {[%emt
00:00:25]} Kb7 {[%clk 00:01:11]} {[%emt 00:01:19]} 44. Rd6 {[%clk 00:25:00]}
{[%emt 00:00:36]} Rg2 {[%clk 00:00:53]} {[%emt 00:00:48]} 45. h4 {[%clk
00:24:32]} {[%emt 00:00:58]} Rh2 {[%clk 00:01:01]} {[%emt 00:00:22]} 46. Kxf4
{[%clk 00:23:14]} {[%emt 00:01:48]} Rxh4+ {[%clk 00:01:26]} {[%emt 00:00:05]}
47. Kg5 {[%clk 00:23:21]} {[%emt 00:00:23]} Rh8 {[%clk 00:01:43]} {[%emt
00:00:13]} 48. f4 {[%clk 00:21:37]} {[%emt 00:02:15]} Rg8+ {[%clk 00:01:11]}
{[%emt 00:01:01]} 49. Rg6 {[%clk 00:19:43]} {[%emt 00:02:24]} Ra8 {[%clk
00:01:06]} {[%emt 00:00:35]} 50. f5 {[%clk 00:19:51]} {[%emt 00:00:22]} a4
{[%clk 00:00:51]} {[%emt 00:00:45]} 51. Kh6 {[%clk 00:15:03]} {[%emt 00:05:18]}
a3 {[%clk 00:01:02]} {[%emt 00:00:19]} 52. Rg1 {[%clk 00:15:24]} {[%emt
00:00:08]} Rh8+ {[%clk 00:00:31]} {[%emt 00:01:02]} 53. Kg7 {[%clk 00:15:31]}
{[%emt 00:00:23]} Rh5 {[%clk 00:00:33]} {[%emt 00:00:28]} 54. f6 {[%clk
00:15:23]} {[%emt 00:00:38]} a2 {[%clk 00:00:53]} {[%emt 00:00:10]} 55. Ra1
{[%clk 00:14:04]} {[%emt 00:01:48]} Rg5 {[%clk 00:01:16]} {[%emt 00:00:07]} 56.
Kf7 {[%clk 00:14:13]} {[%emt 00:00:21]} Ra5 {[%clk 00:01:19]} {[%emt 00:00:27]}
57. Ke6 {[%clk 00:14:24]} {[%emt 00:00:19]} Ra4 {[%clk 00:01:09]} {[%emt
00:00:41]} 58. f7 {[%clk 00:14:20]} {[%emt 00:00:33]} Re4+ {[%clk 00:01:32]}
{[%emt 00:00:07]} 59. Kf5 {[%clk 00:14:38]} {[%emt 00:00:13]} 1-0

[Event "Icelandic Team Championship 2021"]
[Site "Reykjavik"]
[Date "2021.10.01"]
[Round "2.6"]
[White "Ornolfsson, Magnus P."]
[Black "Halldorsson, Halldor"]
[Result "1-0"]
[WhiteElo "2211"]
[BlackElo "2227"]

1. Nf3 {[%clk 01:30:47]} {[%emt 00:00:12]} Nf6 {[%clk 01:30:34]} {[%emt
00:00:27]} 2. g3 {[%clk 01:31:10]} {[%emt 00:00:07]} g6 {[%clk 01:30:28]}
{[%emt 00:00:35]} 3. Bg2 {[%clk 01:31:32]} {[%emt 00:00:08]} Bg7 {[%clk
01:30:50]} {[%emt 00:00:07]} 4. O-O {[%clk 01:31:54]} {[%emt 00:00:09]} O-O
{[%clk 01:31:13]} {[%emt 00:00:07]} 5. c4 {[%clk 01:32:13]} {[%emt 00:00:11]}
d5 {[%clk 01:29:21]} {[%emt 00:02:22]} 6. cxd5 {[%clk 01:31:53]} {[%emt
00:00:50]} Nxd5 {[%clk 01:29:42]} {[%emt 00:00:09]} 7. Nc3 {[%clk 01:31:09]}
{[%emt 00:01:14]} c5 {[%clk 01:28:47]} {[%emt 00:01:24]} 8. Qb3 {[%clk
01:26:57]} {[%emt 00:04:42]} Nb6 {[%clk 01:24:34]} {[%emt 00:04:43]} 9. d3
{[%clk 01:25:18]} {[%emt 00:02:10]} Nc6 {[%clk 01:23:07]} {[%emt 00:01:57]} 10.
Qb5 {[%clk 01:19:02]} {[%emt 00:06:45]} c4 {[%clk 01:16:16]} {[%emt 00:07:21]}
11. dxc4 {[%clk 01:13:54]} {[%emt 00:05:38]} Be6 {[%clk 01:14:02]} {[%emt
00:02:45]} 12. Rd1 {[%clk 01:06:49]} {[%emt 00:07:35]} Bd7 {[%clk 00:48:18]}
{[%emt 00:26:14]} 13. c5 {[%clk 00:57:03]} {[%emt 00:10:16]} Ne5 {[%clk
00:35:51]} {[%emt 00:12:57]} 14. Qb4 {[%clk 00:51:42]} {[%emt 00:05:50]} Nbc4
{[%clk 00:32:24]} {[%emt 00:03:58]} 15. Nxe5 {[%clk 00:49:54]} {[%emt
00:02:18]} Nxe5 {[%clk 00:32:48]} {[%emt 00:00:06]} 16. Qxb7 {[%clk 00:45:04]}
{[%emt 00:05:20]} Rb8 {[%clk 00:29:28]} {[%emt 00:03:50]} 17. Qxa7 {[%clk
00:45:11]} {[%emt 00:00:23]} Qc8 {[%clk 00:29:16]} {[%emt 00:00:42]} 18. Nd5
{[%clk 00:36:42]} {[%emt 00:08:59]} Nc6 {[%clk 00:25:50]} {[%emt 00:03:55]} 19.
Nxe7+ {[%clk 00:36:25]} {[%emt 00:00:46]} Nxe7 {[%clk 00:26:02]} {[%emt
00:00:19]} 20. Rxd7 {[%clk 00:36:23]} {[%emt 00:00:32]} Rd8 {[%clk 00:19:45]}
{[%emt 00:06:48]} 21. Rxd8+ {[%clk 00:32:09]} {[%emt 00:04:44]} Qxd8 {[%clk
00:20:09]} {[%emt 00:00:06]} 22. Bg5 {[%clk 00:31:44]} {[%emt 00:00:55]} f6
{[%clk 00:19:54]} {[%emt 00:00:45]} 23. Bf4 {[%clk 00:30:55]} {[%emt 00:01:19]}
Rxb2 {[%clk 00:19:59]} {[%emt 00:00:25]} 24. c6 {[%clk 00:29:05]} {[%emt
00:02:20]} g5 {[%clk 00:16:43]} {[%emt 00:03:46]} 25. c7 {[%clk 00:27:21]}
{[%emt 00:02:14]} Qd7 {[%clk 00:16:55]} {[%emt 00:00:18]} 26. Qb8+ {[%clk
00:26:41]} {[%emt 00:01:09]} Nc8 {[%clk 00:17:15]} {[%emt 00:00:10]} 27. Qxb2
{[%clk 00:26:27]} {[%emt 00:00:44]} gxf4 {[%clk 00:17:41]} {[%emt 00:00:05]} 28.
Rc1 {[%clk 00:25:29]} {[%emt 00:01:28]} 1-0

[Event "Icelandic Team Championship 2021"]
[Site "Reykjavik"]
[Date "2021.10.01"]
[Round "2.7"]
[White "Karason, Askell O"]
[Black "Ingvason, Johann"]
[Result "1/2-1/2"]
[WhiteElo "2270"]
[BlackElo "2182"]

1. d4 {[%clk 01:30:47]} {[%emt 00:00:12]} Nf6 {[%clk 01:30:52]} {[%emt
00:00:08]} 2. c4 {[%clk 01:31:13]} {[%emt 00:00:05]} c5 {[%clk 01:30:28]}
{[%emt 00:00:54]} 3. d5 {[%clk 01:31:38]} {[%emt 00:00:05]} b5 {[%clk
01:30:47]} {[%emt 00:00:12]} 4. cxb5 {[%clk 01:31:47]} {[%emt 00:00:21]} a6
{[%clk 01:31:09]} {[%emt 00:00:07]} 5. e3 {[%clk 01:32:11]} {[%emt 00:00:06]}
g6 {[%clk 01:26:34]} {[%emt 00:05:06]} 6. Nc3 {[%clk 01:32:17]} {[%emt
00:00:24]} Bg7 {[%clk 01:26:54]} {[%emt 00:00:09]} 7. Nf3 {[%clk 01:32:11]}
{[%emt 00:00:36]} O-O {[%clk 01:27:05]} {[%emt 00:00:20]} 8. a4 {[%clk
01:32:37]} {[%emt 00:00:04]} d6 {[%clk 01:26:14]} {[%emt 00:01:19]} 9. e4
{[%clk 01:33:02]} {[%emt 00:00:06]} Nbd7 {[%clk 01:25:42]} {[%emt 00:01:02]} 10.
Be2 {[%clk 01:31:31]} {[%emt 00:02:01]} axb5 {[%clk 01:23:43]} {[%emt
00:02:30]} 11. Bxb5 {[%clk 01:31:49]} {[%emt 00:00:12]} Ba6 {[%clk 01:23:40]}
{[%emt 00:00:33]} 12. Bg5 {[%clk 01:32:14]} {[%emt 00:00:05]} Qa5 {[%clk
01:07:08]} {[%emt 00:17:02]} 13. O-O {[%clk 01:31:26]} {[%emt 00:01:18]} Bxb5
{[%clk 01:05:33]} {[%emt 00:02:05]} 14. axb5 {[%clk 01:31:48]} {[%emt
00:00:08]} Qb4 {[%clk 01:05:45]} {[%emt 00:00:18]} 15. Qc2 {[%clk 01:31:31]}
{[%emt 00:00:47]} h6 {[%clk 01:01:50]} {[%emt 00:04:25]} 16. Bd2 {[%clk
01:29:49]} {[%emt 00:02:11]} Nb6 {[%clk 00:55:26]} {[%emt 00:06:54]} 17. Ra6
{[%clk 01:06:57]} {[%emt 00:23:23]} Rxa6 {[%clk 00:52:06]} {[%emt 00:03:51]} 18.
bxa6 {[%clk 01:04:35]} {[%emt 00:02:52]} Qa5 {[%clk 00:52:19]} {[%emt
00:00:16]} 19. e5 {[%clk 01:04:07]} {[%emt 00:00:59]} dxe5 {[%clk 00:52:39]}
{[%emt 00:00:10]} 20. Nxe5 {[%clk 00:43:49]} {[%emt 00:22:53]} Qxa6 {[%clk
00:51:31]} {[%emt 00:00:33]} 21. Nxg6 {[%clk 00:38:19]} {[%emt 00:05:59]} fxg6
{[%clk 00:45:45]} {[%emt 00:06:16]} 22. Qxg6 {[%clk 00:38:35]} {[%emt
00:00:14]} Qc8 {[%clk 00:43:16]} {[%emt 00:02:59]} 23. Bxh6 {[%clk 00:38:23]}
{[%emt 00:00:41]} Qg4 {[%clk 00:42:40]} {[%emt 00:01:07]} 24. Qxg4 {[%clk
00:38:42]} {[%emt 00:00:11]} Nxg4 {[%clk 00:43:09]} {[%emt 00:00:02]} 25. Bxg7
{[%clk 00:39:03]} {[%emt 00:00:09]} Kxg7 {[%clk 00:43:38]} {[%emt 00:00:01]} 26.
Re1 {[%clk 00:37:47]} {[%emt 00:01:45]} Rd8 {[%clk 00:28:51]} {[%emt 00:15:17]}
27. h3 {[%clk 00:36:19]} {[%emt 00:01:58]} Nf6 {[%clk 00:25:37]} {[%emt
00:03:44]} 28. Rxe7+ {[%clk 00:36:29]} {[%emt 00:00:20]} Kg6 {[%clk 00:25:58]}
{[%emt 00:00:09]} 29. Rc7 {[%clk 00:34:17]} {[%emt 00:02:43]} Nbxd5 {[%clk
00:22:54]} {[%emt 00:03:34]} 30. Rxc5 {[%clk 00:34:09]} {[%emt 00:00:37]} Nf4
{[%clk 00:22:21]} {[%emt 00:01:03]} 31. Rc6 {[%clk 00:33:53]} {[%emt 00:00:46]}
Kf7 {[%clk 00:22:41]} {[%emt 00:00:10]} 32. b4 {[%clk 00:33:17]} {[%emt
00:01:06]} Rb8 {[%clk 00:20:53]} {[%emt 00:02:18]} 33. b5 {[%clk 00:33:08]}
{[%emt 00:00:39]} N4d5 {[%clk 00:21:14]} {[%emt 00:00:09]} 34. Nxd5 {[%clk
00:33:14]} {[%emt 00:00:24]} Nxd5 {[%clk 00:21:44]} {[%emt 00:00:01]} 35. Rc5
{[%clk 00:33:17]} {[%emt 00:00:26]} Ke6 {[%clk 00:22:13]} {[%emt 00:00:01]} 36.
h4 {[%clk 00:30:58]} {[%emt 00:02:49]} Kd6 {[%clk 00:22:39]} {[%emt 00:00:03]}
37. Rc6+ {[%clk 00:31:18]} {[%emt 00:00:10]} Ke5 {[%clk 00:23:04]} {[%emt
00:00:05]} 38. g3 {[%clk 00:29:05]} {[%emt 00:02:43]} Rxb5 {[%clk 00:23:30]}
{[%emt 00:00:04]} 39. Kg2 {[%clk 00:28:56]} {[%emt 00:00:39]} Rb2 {[%clk
00:23:39]} {[%emt 00:00:21]} 40. Kf3 {[%clk 00:21:39]} {[%emt 00:07:47]} Rb3+
{[%clk 00:24:02]} {[%emt 00:00:08]} 41. Kg4 {[%clk 00:20:15]} {[%emt 00:01:53]}
Nf6+ {[%clk 00:19:36]} {[%emt 00:04:56]} 42. Kh3 {[%clk 00:20:36]} {[%emt
00:00:08]} Rb2 {[%clk 00:17:16]} {[%emt 00:02:51]} 43. f4+ {[%clk 00:15:29]}
{[%emt 00:05:37]} Kf5 {[%clk 00:17:40]} {[%emt 00:00:06]} 44. Rc5+ {[%clk
00:15:08]} {[%emt 00:00:51]} Ke4 {[%clk 00:18:05]} {[%emt 00:00:05]} 45. Rc6
{[%clk 00:09:40]} {[%emt 00:05:58]} Rb1 {[%clk 00:16:42]} {[%emt 00:01:53]} 46.
Rc4+ {[%clk 00:08:18]} {[%emt 00:01:52]} Kf5 {[%clk 00:16:47]} {[%emt
00:00:25]} 47. g4+ {[%emt 00:01:19]} Nxg4 {[%emt 00:00:04]} 48. Rc5+ {[%emt
00:00:01]} Kxf4 49. Rc4+ Kf5 50. Rxg4 {[%emt 00:00:02]} Rh1+ {[%emt 00:00:01]}
1/2-1/2

[Event "Icelandic Team Championship 2021"]
[Site "Reykjavik"]
[Date "2021.10.01"]
[Round "2.8"]
[White "Halldorsson, Gudmundur"]
[Black "Bergsson, Stefan"]
[Result "1-0"]
[WhiteElo "2137"]
[BlackElo "2147"]

1. d4 {[%clk 01:30:49]} {[%emt 00:00:09]} d5 {[%clk 01:29:54]} {[%emt
00:01:06]} 2. c4 {[%clk 01:31:00]} {[%emt 00:00:20]} e6 {[%clk 01:30:13]}
{[%emt 00:00:10]} 3. Nc3 {[%clk 01:31:09]} {[%emt 00:00:22]} a6 {[%clk
01:30:23]} {[%emt 00:00:20]} 4. cxd5 {[%clk 01:30:45]} {[%emt 00:00:54]} exd5
{[%clk 01:30:45]} {[%emt 00:00:08]} 5. Bf4 {[%clk 01:30:12]} {[%emt 00:01:02]}
c6 {[%clk 01:30:40]} {[%emt 00:00:35]} 6. e3 {[%clk 01:28:45]} {[%emt
00:01:57]} Bd6 {[%clk 01:29:49]} {[%emt 00:01:21]} 7. Bxd6 {[%clk 01:28:07]}
{[%emt 00:01:09]} Qxd6 {[%clk 01:30:14]} {[%emt 00:00:04]} 8. Bd3 {[%clk
01:28:08]} {[%emt 00:00:29]} Ne7 {[%clk 01:30:22]} {[%emt 00:00:22]} 9. Qc2
{[%clk 01:27:38]} {[%emt 00:01:00]} g6 {[%clk 01:30:09]} {[%emt 00:00:43]} 10.
Nge2 {[%clk 01:25:16]} {[%emt 00:02:52]} Bf5 {[%clk 01:28:55]} {[%emt
00:01:44]} 11. O-O {[%clk 01:24:48]} {[%emt 00:00:58]} Nd7 {[%clk 01:28:55]}
{[%emt 00:00:30]} 12. Rad1 {[%clk 01:22:19]} {[%emt 00:03:00]} O-O {[%clk
01:24:41]} {[%emt 00:04:42]} 13. f3 {[%clk 01:15:13]} {[%emt 00:07:36]} Bxd3
{[%clk 01:13:50]} {[%emt 00:11:21]} 14. Qxd3 {[%clk 01:14:33]} {[%emt
00:01:11]} b5 {[%clk 01:13:28]} {[%emt 00:00:52]} 15. e4 {[%clk 01:10:31]}
{[%emt 00:04:32]} b4 {[%clk 01:07:08]} {[%emt 00:06:50]} 16. Na4 {[%clk
01:02:58]} {[%emt 00:08:03]} Rfc8 {[%clk 01:03:32]} {[%emt 00:04:05]} 17. e5
{[%clk 00:59:08]} {[%emt 00:04:20]} Qc7 {[%clk 01:03:20]} {[%emt 00:00:42]} 18.
Rc1 {[%clk 00:53:36]} {[%emt 00:06:03]} Qa7 {[%clk 00:50:00]} {[%emt 00:12:15]}
19. Nc5 {[%clk 00:49:42]} {[%emt 00:05:58]} Nb6 {[%clk 00:49:32]} {[%emt
00:00:58]} 20. f4 {[%clk 00:47:28]} {[%emt 00:02:45]} a5 {[%clk 00:46:05]}
{[%emt 00:03:57]} 21. Ng3 {[%clk 00:47:15]} {[%emt 00:00:43]} a4 {[%clk
00:45:24]} {[%emt 00:01:11]} 22. f5 {[%clk 00:43:33]} {[%emt 00:04:12]} Rf8
{[%clk 00:42:08]} {[%emt 00:03:44]} 23. f6 {[%clk 00:37:17]} {[%emt 00:06:48]}
Nf5 {[%clk 00:42:13]} {[%emt 00:00:25]} 24. Nxf5 {[%clk 00:37:33]} {[%emt
00:00:14]} gxf5 {[%clk 00:42:39]} {[%emt 00:00:04]} 25. Qg3+ {[%clk 00:37:55]}
{[%emt 00:00:07]} 1-0

[Event "Icelandic Team Championship 2021"]
[Site "Reykjavik"]
[Date "2021.10.01"]
[Round "2.9"]
[White "Steingrimsson, Hedinn"]
[Black "Gretarsson, Hjorvar Steinn"]
[Result "1/2-1/2"]
[WhiteElo "2519"]
[BlackElo "2597"]

1. d4 {[%clk 01:30:56]} {[%emt 00:00:03]} e6 {[%clk 01:30:48]} {[%emt
00:00:13]} 2. c4 {[%clk 01:29:54]} {[%emt 00:01:32]} b6 {[%clk 01:22:28]}
{[%emt 00:08:50]} 3. e4 {[%clk 01:29:25]} {[%emt 00:00:59]} Bb4+ {[%clk
01:21:55]} {[%emt 00:01:03]} 4. Bd2 {[%clk 01:26:34]} {[%emt 00:03:21]} Bxd2+
{[%clk 01:21:56]} {[%emt 00:00:28]} 5. Qxd2 {[%clk 01:27:02]} {[%emt 00:00:02]}
d5 {[%clk 01:18:47]} {[%emt 00:03:39]} 6. Bd3 {[%clk 01:14:53]} {[%emt
00:12:39]} dxc4 {[%clk 01:12:01]} {[%emt 00:07:17]} 7. Bxc4 {[%clk 01:15:18]}
{[%emt 00:00:04]} Nf6 {[%clk 01:08:20]} {[%emt 00:04:11]} 8. f3 {[%clk
01:10:55]} {[%emt 00:04:53]} O-O {[%clk 00:59:34]} {[%emt 00:09:16]} 9. Ne2
{[%clk 01:11:19]} {[%emt 00:00:07]} c5 {[%clk 00:56:17]} {[%emt 00:03:47]} 10.
O-O {[%clk 00:52:00]} {[%emt 00:19:48]} cxd4 {[%clk 00:36:43]} {[%emt
00:20:04]} 11. Nxd4 {[%clk 00:51:24]} {[%emt 00:01:06]} a6 {[%clk 00:26:51]}
{[%emt 00:10:22]} 12. Rd1 {[%clk 00:46:26]} {[%emt 00:05:28]} b5 {[%clk
00:23:55]} {[%emt 00:03:27]} 13. Be2 {[%clk 00:41:41]} {[%emt 00:05:14]} Qb6
{[%clk 00:20:45]} {[%emt 00:03:40]} 14. Qe3 {[%clk 00:39:37]} {[%emt 00:02:34]}
Nc6 {[%clk 00:17:47]} {[%emt 00:03:29]} 15. Kf2 {[%clk 00:36:34]} {[%emt
00:03:33]} Ne5 {[%clk 00:13:30]} {[%emt 00:04:47]} 16. Nd2 {[%clk 00:36:31]}
{[%emt 00:00:32]} Bd7 {[%clk 00:08:35]} {[%emt 00:05:25]} 17. N4b3 {[%clk
00:34:38]} {[%emt 00:02:23]} Qb8 {[%clk 00:08:26]} {[%emt 00:00:39]} 18. Nc5
{[%clk 00:34:31]} {[%emt 00:00:38]} Bc6 {[%clk 00:07:47]} {[%emt 00:01:09]} 19.
Rac1 {[%clk 00:30:11]} {[%emt 00:04:50]} Rc8 {[%clk 00:07:24]} {[%emt
00:00:52]} 1/2-1/2

[Event "Icelandic Team Championship 2021"]
[Site "Reykjavik"]
[Date "2021.10.01"]
[Round "2.10"]
[White "Stefansson, Hannes"]
[Black "Kulaots, Kaido"]
[Result "1/2-1/2"]
[WhiteElo "2511"]
[BlackElo "2530"]

1. d4 {[%clk 01:30:54]} {[%emt 00:00:05]} Nf6 {[%clk 01:30:27]} {[%emt
00:00:35]} 2. c4 {[%clk 01:30:53]} {[%emt 00:00:30]} g6 {[%clk 01:30:45]}
{[%emt 00:00:13]} 3. Nf3 {[%clk 01:30:23]} {[%emt 00:00:59]} Bg7 {[%clk
01:30:54]} {[%emt 00:00:21]} 4. g3 {[%clk 01:30:23]} {[%emt 00:00:30]} O-O
{[%clk 01:30:32]} {[%emt 00:00:53]} 5. Bg2 {[%clk 01:30:31]} {[%emt 00:00:21]}
c6 {[%clk 01:30:28]} {[%emt 00:00:34]} 6. O-O {[%clk 01:28:25]} {[%emt
00:02:37]} d5 {[%clk 01:30:39]} {[%emt 00:00:19]} 7. Nbd2 {[%clk 01:24:05]}
{[%emt 00:04:50]} a5 {[%clk 01:29:15]} {[%emt 00:01:53]} 8. b3 {[%clk
01:23:03]} {[%emt 00:01:32]} a4 {[%clk 01:29:02]} {[%emt 00:00:44]} 9. Bb2
{[%clk 01:18:04]} {[%emt 00:05:28]} Ne4 {[%clk 01:23:01]} {[%emt 00:06:32]} 10.
Qc1 {[%clk 01:07:20]} {[%emt 00:11:13]} Bf5 {[%clk 01:16:02]} {[%emt 00:07:30]}
11. Rd1 {[%clk 01:05:30]} {[%emt 00:02:20]} Qa5 {[%clk 01:04:03]} {[%emt
00:12:29]} 12. Nxe4 {[%clk 01:03:35]} {[%emt 00:02:25]} Bxe4 {[%clk 01:01:33]}
{[%emt 00:03:00]} 13. Ne5 {[%clk 01:02:25]} {[%emt 00:01:40]} Bxg2 {[%clk
00:56:48]} {[%emt 00:05:16]} 14. Kxg2 {[%clk 01:02:49]} {[%emt 00:00:06]} Qd8
{[%clk 00:26:20]} {[%emt 00:30:58]} 15. Qc2 {[%clk 01:00:41]} {[%emt 00:02:38]}
axb3 {[%clk 00:19:35]} {[%emt 00:07:14]} 16. axb3 {[%clk 01:00:24]} {[%emt
00:00:46]} Rxa1 {[%clk 00:19:48]} {[%emt 00:00:19]} 17. Rxa1 {[%clk 00:59:40]}
Nd7 {[%clk 00:20:04]} {[%emt 00:01:28]} 18. Nxd7 {[%clk 00:56:16]} {[%emt
00:03:54]} 1/2-1/2